| 000 | 00974nam a22001937a 4500 | ||
|---|---|---|---|
| 005 | 20231005161949.0 | ||
| 010 | _aB-755697 CHHN 23.8.23 | ||
| 020 |
_a97881925872124 _c795.00 |
||
| 035 | _aB-755697 | ||
| 037 | _aसुरेंदर सिंह एण्ड कम्पनी | ||
| 082 | _aक | ||
| 100 |
_aदुगेन्द्र सिंह _957704 |
||
| 245 |
_aविशव के पक्षी/ _cदुगेन्द्र सिंह |
||
| 260 |
_aउत्तर प्रदेश _bसुरेंदर सिंह एण्ड कम्पनी _c2021 |
||
| 270 |
_aसेहबरपुर, रतनपुरा,मऊ _bउत्तर प्रदेश _e221706 |
||
| 300 |
_a168पृ.: _bसचित्र _c21सेमी(साज्लिद) |
||
| 942 |
_2ddc _cCH _hक _mविशव |
||
| 999 |
_c198712 _d198712 |
||